000 nam a22 a 4500
999 _c423455
_d423455
003 BLK
005 20210709154135.0
008 210709b bul|||||r ||||||| ||bul||
010 _aKNG00163053RET
040 _aBLK
041 _aBUL
_cBUL
080 _aБългарска литература
_b821.163.2
_x-93-1
_z821.163.2-93-1
100 1 _aВапцаров, Никола Йонков
_eпърви автор
_9401919
139 _aВапцаров, Никола Йонков
245 1 0 _aПролет
_bСтихове за юноши ; Подб. Васил Акьов
_cНикола Вапцаров
257 _aBGR
260 _aСофия
_bДетиздат
_c1949
300 _a74 с.
_bс ил.
_c18 см
380 _aDX
500 _a5 000 тир. 120 лв.
700 _aАкьов, Васил
_eподб.
_9878
700 _aХалачев, Симеон
_eрис.
_9379352
852 _aЦб 8.180.35594
_bЦб
856 4 _qpdf
_u
856 4 _qpdf
_u
942 _cKNG
_n0
_s1
944 _aCR
_c2021-07-09
_kА.М.
999 _d423455
999 _d497438